Every Place In Dane County, WI - Statistics

General Stats
  • This quiz has been taken 8 times
  • The average score is 18 of 25
Answer Stats
Letter Population Answer % Correct
M 290,508 Madison
100%
S 40,875 Sun Prairie
100%
D 1,108 Dane
86%
F 35,885 Fitchburg
86%
M 1,769 Mazomanie
86%
M 9,307 McFarland
86%
M 8,590 Monona
86%
M 7,827 Mount Horeb
86%
V 18,247 Verona
86%
C 9,768 Cottage Grove
71%
M 3,732 Marshall
71%
M 22,835 Middleton
71%
O 12,222 Oregon
71%
S 2,138 Shorewood Hills
71%
S 13,119 Stoughton
71%
W 17,085 Waunakee
71%
W 10,612 Windsor
71%
B 2,701 Belleville
57%
B 1,519 Black Earth
57%
B 904 Blue Mounds
57%
C 1,715 Cambridge
57%
C 4,220 Cross Plains
57%
D 2,715 Deerfield
57%
M 1,299 Maple Bluff
57%
R 201 Rockdale
57%
No matching quizzes found
Score Distribution
Percent of People with Each Score
Percentile by Number Answered
Your Score History
You have not taken this quiz